Primeiros passos na educação ambiental (Registo nº 4428)

Detalhes MARC
000 -Etiqueta do registo
Cabeçalho 00612nam0a2200229 4500
005 - Identificador da versão
Campo de controlo 20240813122101.0
021 ## - Número do Depósito Legal
Código do país PT
Número 55 576/92
100 ## - Dados gerais de processamento
Dados gerais de processamento 20120118d1992 a y0pory5003 ba
102 ## - Pais de publicação ou produção
País de publicação Portugal
101 0# - Língua de publicação
Língua do texto, banda sonora, etc. Português
106 ## - Campo de dados codificados: material textual
Dados codificados do material textual r
105 ## - Campo de dados codificados: livros
Dados codificados dos livros a z 001yy
215 ## - Descrição física 
Indicação específica da natureza do documento e extensão da espécie 64 p.
Outras indicações físicas il.
200 1# - Titulo e menção de responsabilidade
Título próprio Primeiros passos na educação ambiental
Primeira menção de responsabilidade Roy Richards
Outras menções de responsabilidade trad. Clara Niza Pereira
210 ## - Publicação, Distribuição, etc. 
Lugar da edição, distribuição, etc. Lisboa
Nome do editor, distribuidor, etc. Editorial Verbo
Data da publicação, distribuição, etc. 1992
304 ## - Notas relativas a título e menção de responsabilidade 
Texto da nota Tít. orig.: An Early Start to the Environment
700 #1 - Nome de autor-pessoa física (responsabilidade principal)
Número de registo de entrada de autoridade 0001257
Palavra de ordem Richards
Outra parte do nome não tomada para palavra de ordem Roy
966 ## - Identificação da Biblioteca
Sigla EBVendas
942 ## - Elementos de entrada adicionados (Koha)
Tipo de item no Koha Livro
Exemplares
Situação do levantamento Origin of item (home branch) (coded) Biblioteca de empréstimo Código de barras Cota Circulation type (not for loan) Tipo de documento Nota do exemplar Damaged status
  Biblioteca Escolar das Vendas Biblioteca Escolar das Vendas BEV1062 | 1992 5 RIC   Livro Sem mensagem